[Event "Bangalore op-B 1st"]
[Site "Bangalore"]
[Date "2024.01.19"]
[Round "3"]
[White "Samyak, Dharewa"]
[Black "Vivaan, Sachdev"]
[Result "1-0"]
[WhiteElo "1972"]
[BlackElo "1516"]
[PlyCount "64"]
[EventDate "2024.01.18"]
[EventType "swiss"]
[EventRounds "10"]
[EventCountry "IND"]
[SourceTitle "EXT 2025"]
[Source "ChessBase"]
[SourceDate "2024.10.14"]
[SourceVersion "1"]
[SourceVersionDate "2024.10.14"]
[SourceQuality "1"]

1. e4 e6 2. Nf3 d5 3. Nc3 d4 4. Ne2 c5 5. c3 Nf6 6. e5 Nfd7 7. cxd4 cxd4 8. Nexd4 Nxe5 9. Bb5+ Nec6 10. Nc2 Bd7 11. Bc4 Nb4 12. Ne3 Bc6 13. d4 Nd5 14. 0-0 Be7 15. Ne5 Nb6 16. Bxe6 fxe6 17. Qh5+ g6 18. Nxg6 Kd7 19. Ne5+ Kc8 20. Qh3 Qg8 21. f4 N8d7 22. Nxc6 bxc6 23. f5 exf5 24. Nxf5 Bf6 25. Bf4 Qd5 26. Be5 Kd8 27. Ne3 Qf7 28. Ng4 Nd5 29. Nxf6 N5xf6 30. Bxf6+ Nxf6 31. Qf3 Rf8 32. Qxc6 Rc8 1-0